[Event "Guipuzcoa-ch Segunda B"]
[Site "Guipuzcoa"]
[Date "2017.10.14"]
[Round "1.3"]
[White "Leon Reinares, Mikel"]
[Black "Garrido Dominguez, Jose Antonio"]
[Result "1-0"]
[WhiteElo "1696"]
[BlackElo "1543"]
[PlyCount "79"]
[EventDate "2017.10.14"]
[EventType "swiss"]
[EventRounds "5"]
[EventCountry "ESP"]
[SourceTitle "EXT 2024"]
[Source "ChessBase"]
[SourceDate "2023.10.10"]
[SourceVersion "1"]
[SourceVersionDate "2023.10.10"]
[SourceQuality "1"]

1. e4 c6 2. d4 Nf6 3. e5 Nd5 4. Nf3 h6 5. c4 Nb6 6. Nc3 e6 7. Bd3 Be7 8. 0-0 d5 9. exd6 Bxd6 10. c5 Bxh2+ 11. Kxh2 Nd5 12. Nxd5 exd5 13. Re1+ Be6 14. Bf5 Qf6 15. Bxe6 fxe6 16. Qe2 Kf7 17. Qe5 Na6 18. Qxf6+ gxf6 19. a3 Rag8 20. Bf4 Rg4 21. Bd6 Nb8 22. Bxb8 Rxb8 23. Re3 Re8 24. Rae1 h5 25. g3 b5 26. cxb6 axb6 27. Rc3 Rc8 28. Rec1 c5 29. dxc5 bxc5 30. Rxc5 Ra8 31. Rc7+ Kg6 32. Nh4+ Rxh4+ 33. gxh4 Ra4 34. Kg3 Rg4+ 35. Kh3 Rf4 36. R1c2 Rf3+ 37. Kg2 Rf4 38. b4 Rxh4 39. b5 Ra4 40. b6 1-0

[Event "San Sebastian Gros op 22nd"]
[Site "San Sebastian"]
[Date "2012.09.24"]
[Round "5"]
[White "Garrido Dominguez, Jose Antonio"]
[Black "Moreiro Sanchez, Silvestre"]
[Result "1-0"]
[WhiteElo "1592"]
[BlackElo "1502"]
[PlyCount "158"]
[EventDate "2012.09.20"]
[EventType "swiss"]
[EventRounds "8"]
[EventCountry "ESP"]
[SourceTitle "EXT 2013"]
[Source "ChessBase"]
[SourceDate "2012.11.22"]
[SourceVersion "1"]
[SourceVersionDate "2012.11.22"]
[SourceQuality "1"]

1. e4 g6 2. Bc4 Bg7 3. Qf3 e6 4. Nh3 Nc6 5. Bb3 Nd4 6. Qd1 b6 7. c3 Nxb3 8. Qxb3 Bb7 9. d3 Nf6 10. 0-0 0-0 11. Bg5 h6 12. Bh4 d6 13. f4 e5 14. f5 g5 15. Be1 Ba6 16. c4 c5 17. Nc3 Kh7 18. a4 Bb7 19. Qd1 Rg8 20. Nf2 Bf8 21. Ng4 Be7 22. h3 Nh5 23. Nd5 Bxd5 24. cxd5 Nf6 25. Kf2 Rc8 26. b3 a5 27. Rh1 Kg7 28. Bd2 Rh8 29. Qe2 h5 30. Ne3 h4 31. Nc4 Nh5 32. Qg4 f6 33. Rhg1 Rb8 34. Kf3 Kf7 35. Ke3 Qf8 36. Na3 Qh6 37. Nb5 Rb7 38. Rac1 Ng3 39. Be1 Qh5 40. Bxg3 Qxg4 41. hxg4 hxg3 42. Rh1 Rbb8 43. Kf3 Rh4 44. Kxg3 Rbh8 45. Rh3 Rxh3+ 46. gxh3 Rh4 47. Rh1 Ke8 48. Kf3 Kd7 49. Ke2 Kc8 50. Kd2 Kb7 51. Kc3 Rh8 52. Kc4 Rc8 53. h4 Rh8 54. h5 Bf8 55. Na3 Ka6 56. Nb5 Rh7 57. Ra1 Kb7 58. Nc3 Ka6 59. Ne2 Rb7 60. Nc3 Rh7 61. Rh1 Bg7 62. Ne2 Bh6 63. Ng3 Rb7 64. Ra1 Rh7 65. Ra3 Rb7 66. Ne2 Rh7 67. Nc3 Bf8 68. Ra2 Bg7 69. Nb5 Bf8 70. Rh2 Rh6 71. Nc7+ Kb7 72. Ne6 Be7 73. Kb5 Rh8 74. h6 Bf8 75. Nxf8 Rxf8 76. h7 Rh8 77. Rh6 Kc7 78. Rxf6 Rxh7 79. Rg6 Rh3 1-0